| 000 | 00568nam a2200169 i 4500 | ||
|---|---|---|---|
| 001 | bg | ||
| 245 | 0 |
_aBadania wytrzymałościowe słupów betonowych z uzbrojeniem bez przyczepności / _cSławomir Drewnowski [et al.]. |
|
| 260 |
_aWarszawa, _c1985. |
||
| 490 | 1 |
_aPrace Instytutu Podstawowych Problemów Techniki PAN ; _v34 |
|
| 700 | 1 | _aDrewnowski, Sławomir. | |
| 830 | _aPrace Instytutu Podstawowych Problemów Techniki PAN ; | ||
| 040 | _cBPK | ||
| 041 | _apol | ||
| 080 | _a624.01/.07:691:620.17 | ||
| 942 | _cKS | ||
| 008 | s pl f |000 0 pol | ||
| 999 |
_c23133 _d23133 |
||
| 856 |
_uhttp://koha.tu.koszalin.pl/cgi-bin/koha/opac-detail.pl?biblionumber=23133 _yKatalog online BPK |
||